000
00267nam a22001217a 4500
008
180306b xxu||||| |||| 00| 0 eng d
041
_a
eng
080
_a
617
100
_a
8
101
_a
oft
245
_a
perimetry update 1998 1999
_c
michael.w
942
_2
udc
_c
BK
999
_c
44165
_d
44165